Brownie points (Record no. 74600)

MARC details
000 -LEADER
fixed length control field 01324cab a2200265 4500
001 - CONTROL NUMBER
control field ABS68437
008 - FIXED-LENGTH DATA ELEMENTS--GENERAL INFORMATION
fixed length control field 041115n2004 000 0 eng u
035 ## - SYSTEM CONTROL NUMBER
System control number (Sirsi) u127955
100 ## - MAIN ENTRY--PERSONAL NAME
Personal name Curd, C.
245 ## - TITLE STATEMENT
Title Brownie points
260 ## - PUBLICATION, DISTRIBUTION, ETC.
Date of publication, distribution, etc. 2004
490 ## - SERIES STATEMENT
Series statement House Builder
Volume/sequential designation 63(10) November 2004, 53-54(2)
520 ## - SUMMARY, ETC.
Summary, etc. Explains how to take advantage of contaminated land tax credits, one of a range of government financial incentives to encourage house builders to develop brownfield sites. Looks in detail at land remediation relief, which provides tax relief on remediation costs incurred in brownfield site development and also where harmful materials are removed in change of use from commercial to residential or where residential property is being refurbished or where landlords or developers need to comply with the new asbestos regulations. Shows how much the tax relief is worth and advises on how to make a claim and to negotiate a settlement with the Inland Revenue.
590 ## - LOCAL NOTE (RLIN)
Local note ABS
650 ## - SUBJECT ADDED ENTRY--TOPICAL TERM
Topical term or geographic name entry element FINANCE ACT 2001
650 ## - SUBJECT ADDED ENTRY--TOPICAL TERM
Topical term or geographic name entry element STAMP DUTY LAND TAX
650 ## - SUBJECT ADDED ENTRY--TOPICAL TERM
Topical term or geographic name entry element LAND REMEDIATION RELIEF
650 ## - SUBJECT ADDED ENTRY--TOPICAL TERM
Topical term or geographic name entry element REMEDIATION
650 ## - SUBJECT ADDED ENTRY--TOPICAL TERM
Topical term or geographic name entry element FINANCIAL INCENTIVES
650 ## - SUBJECT ADDED ENTRY--TOPICAL TERM
Topical term or geographic name entry element BROWNFIELD DEVELOPMENT
650 ## - SUBJECT ADDED ENTRY--TOPICAL TERM
Topical term or geographic name entry element CONTAMINATED LAND
650 ## - SUBJECT ADDED ENTRY--TOPICAL TERM
Topical term or geographic name entry element TAX CREDITS
690 ## - LOCAL SUBJECT ADDED ENTRY--TOPICAL TERM (OCLC, RLIN)
Topical term or geographic name as entry element HOUSING-DEVELOPMENT
942 ## - ADDED ENTRY ELEMENTS (KOHA)
Suppress in OPAC 0
Holdings
Withdrawn status Lost status Source of classification or shelving scheme Damaged status Not for loan Home library Current library Shelving location Date acquired Total Checkouts Full call number Barcode Date last seen Copy number Price effective from Koha item type
    Dewey Decimal Classification     London London Journal article 15/11/2004   ABS68437 127955-1001 06/08/2019 1 06/08/2019 Journal article